| 000 | 01249cam a22003014a 4500 | ||
|---|---|---|---|
| 090 | _c0 | ||
| 001 | 14364392 | ||
| 005 | 20061026151544.0 | ||
| 008 | 060504s2007 nju b 001 0 eng | ||
| 010 | _a 2006014959 | ||
| 020 | _a0321412990 (hardback : alk. paper) | ||
| 020 | _a9780321412997 | ||
| 035 | _a(OCoLC)ocm68416828 | ||
| 040 |
_aDLC _cDLC _dBAKER _dC#P _dYDXCP _dOCLCQ _dDLC |
||
| 042 | _apcc | ||
| 050 | 0 | 0 |
_aQA76.73.C153 _bB43 2007 |
| 082 | 0 | 0 |
_a005.133 _222 _bBEC |
| 100 | 1 | _aBecker, Pete. | |
| 245 | 1 | 4 |
_aThe C++ standard library extensions : _ba tutorial and reference / _cPete Becker. |
| 260 |
_aUpper Saddle River, NJ : _bAddison-Wesley, _cc2007. |
||
| 300 |
_axv, 595 p. ; _c25 cm. |
||
| 504 | _aIncludes bibliographical references (p. 583-584) and index. | ||
| 650 | 0 | _aC++ (Computer program language) | |
| 856 | 4 | 1 |
_3Table of contents _uhttp://www.loc.gov/catdir/toc/ecip0613/2006014959.html |
| 942 |
_2ddc _cBB |
||
| 999 |
_c10622 _d10622 |
||